000 00594nam a2200241Ia 4500
003 OSt
005 20221005122120.0
006 a|||||r|||| 00| 0
007 ta
008 221004b |||||||| |||| 00| 0 urd d
024 _a8697
037 _cTextual
040 _aCRL
_cCRL
_burd
041 _2urd
_aurd
082 _aO168m2.N04, N44.1
100 _aMubark Ali
_9631505
245 0 _aIntekhab e Makhzan
260 _c1944
300 _a255p.
_ccm.
650 _aURDU LITERATURE
942 _hO168m2.N04, N44.1
_cTEXL
_2cc
999 _c1043297
_d1043297